| 000 | 01480nam a2200409Ia 4500 | ||
|---|---|---|---|
| 003 | GCL | ||
| 008 | 140319s9999 xx 000 0 ara d | ||
| 040 |
_aGCL / _cGCL |
||
| 082 | 0 | 4 |
_aق _b916.2 _bس ت |
| 100 | 1 | _aالسخاوى , محمد بن ابى بكر (902 | |
| 245 | 1 | 0 |
_aتحفة الاحباب وبغية الطلاب فى الخطط والمزارات والتراجم والبقاع المباركات / _cالسخاوى , محمد بن ابى بكر (902 |
| 700 | 1 | _aاحمد نشأت | |
| 700 | 1 | _aمحمود ربيع (تصحيح) | |
| 700 | 1 | _aحسن قاسم (تصحيح) | |
| 700 | 1 | _aفؤاد سزكين | |
| 260 |
_a[S.N] : _bمعهد تاريخ العلوم العربية والاسلامية ، _c1992 |
||
| 300 | _a407 ص | ||
| 490 |
_aالجغرافيا الاسلامية _v0 |
||
| 650 | 0 | 4 | _aتاريخ |
| 650 | 0 | 4 | _aالتراجم |
| 650 | 0 | 4 | _aالاثار الاسلامية |
| 650 | 0 | 4 | _aالمساجد |
| 650 | 0 | 4 | _aالامام الشافعى |
| 650 | 0 | 4 | _aالائمة والاولياء |
| 650 | 0 | 4 | _aالاسماء الجغرافية |
| 650 | 0 | 4 | _aالاضرحة |
| 650 | 0 | 4 | _aالمزارات الاسلامية |
| 650 | 0 | 4 | _aجبل المقطم |
| 650 | 0 | 4 | _aعين شمس |
| 650 | 0 | 4 | _aالقرافة |
| 650 | 0 | 4 | _aمشهد السيدة نفيسة |
| 650 | 0 | 4 | _aالمقوقس |
| 650 | 0 | 4 | _aالريدانية |
| 650 | 0 | 4 | _aالسيدة زينب |
| 650 | 0 | 4 | _aالسيدة نفيسة |
| 942 |
_2ddc _cBK |
||
| 999 |
_c36974 _d36974 |
||